000 01379nam a2200301 a 4500
001 61789
003 BD-RjUL
005 20211209081013.0
008 170221s2006 bg a s o000 0|eng||
020 _a9845086713
_c: Tk. 500.00 Inland
035 _a(BD-RjUL) 61913
040 _aDLC
_cDLC
_dDLC
_dBD-RjUL
_beng
041 0 _aengben
082 _223
_a304.6095492021
_bBHO 2006 (ZS)
110 _aBangladesh Bureau of Statistics.
_9179266
245 1 0 _aBangladesh population census-2001 = বাংলাদেশ আদমশুমারি-২০০১ :
_bZila series, Zila: Bhola= জেলা সিরিজ, জেলা: ভোলা /
_cBangladesh Bureau of Statistics.
246 _aবাংলাদেশ আদমশুমারি-২০০১ :
_bজেলা সিরিজ, জেলা: ভোলা
260 _aDhaka :
_bBangladesh Bureau of Statistics,
_c2006.
300 _axviii, 259 p. :
_bill. ;
_c28 cm.
490 _aZila series, Zila: Bhola
490 _aজেলা সিরিজ, জেলা: ভোলা
500 _aPrefatory matter in Bengali and English.
651 _aBangladesh
_zBhola
_vCensus, 2001
_9183968
651 _aBangladesh
_zBhola
_xPopulation
_vStatistics
_9180240
830 _aZila series, Zila: Bhola
_9184098
830 _aজেলা সিরিজ, জেলা: ভোলা
_9180789
942 _2ddc
_cRAR
999 _c61789
_d61789